000032330 001 __ 32330
000032330 005 __ 20260402191232.0
000032330 024 8_ $9 scholar $9 driver $9 artpubuab $a oai:ddd.uab.cat:32330
000032330 035 __ $a oai:raco.cat:article/121401
000032330 035 __ $9 articleid $a 23396490n13p145
000032330 041 __ $a spa
000032330 100 __ $a Rísquez, Carmen
000032330 245 __ $a ¿Actividades de mantenimiento en el registro funerario? El caso de las necrópolis íberas
000032330 251 __ $1 http://purl.org/coar/version/c_970fb48d4fbd8a85 $2 openaire4 $9 VoR $a Versió publicada
000032330 260 __ $c 2007
000032330 520 3_ $a Gender based funerary studies have been concerned with the identification of sex and social status. Iberian archaeology, following this approach, has focused on the analysis of material culture changes as indicators of gender ideology, as well as the spatial patterning of skeletal material in relation to gender. By way of contrast, the present study will be concerned with comparative study on funerary offerings, osteological materials, spatial patterning and symbolic interpretation of mortuary contexts. This will enable a better understanding of maintenance activities made by woman.
000032330 520 3_ $a Los estudios de género realizados en contextos funerarios arqueológicos se han centrado en la identidad de género y el estatus, fijándose prioritariamente en el análisis de los cambios producidos en la cultura material como muestra del simbolismo de la ideología de género, así como en la desarticulación de la atribución sexual de los restos enterrados en base al ajuar. Aquí se realiza un estudio contrastado de ajuares funerarios, análisis osteológicos, lecturas espaciales e interpretaciones simbólicas de contextos funerarios a fin de valorar la posibilitad de analizar y conocer las actividades de mantenimiento propias de las mujeres a partir de dicho registro.
000032330 520 3_ $a Els estudis de gènere realitzats en contextos funeraris arqueològics s'han centrat en la identitat i l'estatus, i s'han fixat sobretot en l'anàlisi dels canvis produïts a la cultura material com a mostra dels simbolisme en la ideología del gènere, així com en la desarticulació de l'atribució sexual de les restes sepultades en base al seu aixovar. Assatjem aquí la realització d'un apropament a l'estudi contrastat d'aixovars funeraris, anàlisis osteològiques, lectures espacials i interpretacions simbòliques de contextos funeraris per tal de valorar la possibilitat d'analitzar i conèixer les activitats de manteniment pròpies de les dones.
000032330 540 __ $9 open access $a Aquest document està subjecte a una llicència d'ús Creative Commons. Es permet la reproducció total o parcial, la distribució, la comunicació pública de l'obra i la creació d'obres derivades, fins i tot amb finalitats comercials, sempre i quan es reconegui l'autoria de l'obra original. $u https://creativecommons.org/licenses/by/3.0/
000032330 546 __ $a Castellà
000032330 599 __ $a recerca
000032330 655 _7 $1 http://purl.org/coar/resource_type/c_6501 $2 openaire4 $a Article $c literature
000032330 700 __ $a García Luque, Antonia
000032330 773 08 $g Num. 13 (2007), p. 145-170 $t Treballs d'arqueologia $x 2339-6490
000032330 856 40 $p 26 $s 657222 $u https://ddd.uab.cat/pub/tda/tda_a2007n13/tda_a2007n13p145.pdf
000032330 856 41 $3 Adreça alternativa $u https://raco.cat/index.php/TreballsArqueologia/article/view/121401
000032330 973 __ $f 145 $l 170 $n 13 $x tda_a2007n13 $y 2007
000032330 980 __ $a ARTPUB $b UAB $b TDA